000 01618nam a2200457 c 4500
001 48231
003 ES-MaCES
005 20250526142652.0
007 cr |||||||||||
008 160928s2016 sp l 000 ||spa d
017 _aNA 1146-2016
_bDL
020 _a9788490998830
040 _aES-MaCES
_bspa
_cES-MaCES
110 1 _aEspaña
_tConstitución, 1978
_92752
245 1 0 _aConstitución y Tribunal Constitucional
_cedición preparada por Enrique Linde Paniagua
250 _a32ª ed
260 _aCizur Menor
_bCivitas-Thomson Reuters
_c2016
300 _a561 p.
_c21 cm
490 1 _aBiblioteca de legislación
_v10. Textos legales anotados
500 _aDisponible en formato electrónico mediante la aplicación PROVIEW
504 _aÍndices
541 _cCompra
650 4 _aconstitución
_927193
650 4 _a1978
_930892
650 4 _atribunal constitucional
_927194
650 4 _a1979
_930880
650 4 _aEspaña
_926964
650 4 _alegislación
_927153
650 4 _ajurisprudencia
_928624
650 4 _atexto
_929624
653 1 0 _aLegislación
700 1 _aLinde Paniagua, Enrique
_eed. lit.
_916633
710 1 _aEspaña
_bTribunal Constitucional
_93446
710 1 _aEspaña
_tLey del Tribunal Constitucional
_d1979
_92974
775 0 _tConstitución y Tribunal Constitucional
_w(ES-MaCES)46444
830 0 _aBiblioteca de legislación
_v10
_932132
830 0 _aBiblioteca de legislación
_pTextos legales anotados
_934145
856 4 _uhttps://legalteca.aranzadilaley.es/my-library?sponsor=82111144-IP
_yLegalteca
902 _aLIB Libro
942 _2CES
_cBK
_h6.1.
999 _c48231
_d48231